[Event "Oslo Chess Festival 2018"]
[Site "Oslo"]
[Date "2018.10.02"]
[Round "3"]
[White "Salles, Louis"]
[Black "Holm, Kristian Stuvik"]
[Result "1/2-1/2"]
[WhiteElo "2247"]
[BlackElo "2474"]
[Annotator "TA"]
[PlyCount "153"]
[EventDate "2018.09.30"]
[EventCountry "NOR"]
[SourceTitle "playchess.com"]
[Source "ChessBase"]
[SourceQuality "1"]

{[%evp 17,153,0,-7,-8,-13,-23,0,0,0,0,0,0,0,0,0,0,0,0,0,0,0,0,0,0,0,0,0,-7,0,-141,-87,-145,-143,-245,-225,-230,-72,-143,-143,-146,-138,-169,-110,-177,0,0,69,69,69,69,69,69,108,69,69,69,69,0,69,0,69,69,69,29,99,77,77,77,86,1,24,22,22,29,92,72,215,209,172,184,376,397,293,273,415,415,405,405,379,317,653,664,653,653,1264,365,203,0,1264,1245,1166,1029,1137,844,3110,844,844,830,29960,29964,29966,29967,29966,29963,836,29965,29961,29964,29964,29963,29961,0,29952,29952,12841,12810,12805,0,0,0,12798,0,5558,0,0,0,5075,2807]} 1. Nf3 c5 2. c4 Nc6 3. b3 e5 4. Bb2 d6 5. Nc3 g6 6. g3 Bg7 7. Bg2 Nge7 8. d3 O-O {A36: Symmetrical English vs ...g6: 4 Bg2 Bg7} 9. O-O Rb8 {LiveBook: 12 Games} (9... Bf5 10. a3 Qd7 11. Re1 Bh3 {½-½ (48) Andreikin,D (2712)-Grischuk,A (2767) Moscow 2018}) 10. Nd2 Be6 {The position is equal.} 11. a3 a6 12. Nd5 b5 13. e3 $146 ({Predecessor:} 13. Rb1 f5 14. Ba1 Bf7 15. Nxe7+ Nxe7 16. b4 cxb4 17. axb4 {0-1 (48) Koneru,H (2229)-Turner,M (2478) Scarborough 1999}) 13... Qd7 14. f4 Bh3 15. Ne4 Nxd5 16. Bxh3 $1 Qxh3 17. cxd5 Ne7 18. Qf3 ({Much weaker is} 18. Nxd6 exf4 19. Bxg7 fxg3 $17) 18... exf4 19. Bxg7 Kxg7 $40 {[%mdl 128] Black attacks.} 20. Nxd6 fxg3 21. hxg3 Rbd8 22. Ne4 Nxd5 23. Ra2 (23. Nxc5 $11 {remains equal.} Rd6 24. Nb7) 23... Qd7 (23... Qe6 $142 24. Re1 Qe7) 24. Rc2 (24. Nxc5 $142 Qe7 25. b4) 24... Qe7 $17 25. Kf2 (25. Nxc5 $17 Qxe3+ 26. Qf2) 25... b4 26. a4 Nc7 $2 (26... Rfe8 $19 {Threatens to win with ...f5.} 27. Rfc1 h5) 27. Ke2 (27. Nxc5 $142 Nd5 28. Qe4) 27... Ne6 {White must now prevent ...f5.} 28. Qf6+ Qxf6 29. Nxf6 h5 ({Black should try} 29... Rd6 $19 30. Ne4 Rd5) 30. Ne4 (30. Rc4 $17) 30... Rfe8 $2 (30... Rd5 $1 $19 31. Nf6 Rg5) 31. Kd2 $11 Rd5 (31... a5 $11) 32. Nf6 $14 Red8 33. Nxd5 Rxd5 {[%mdl 4096] Endgame KRR-KRN} 34. Rc4 Rg5 35. Rg1 a5 36. Ke2 Re5 37. Kd2 ({Better is} 37. Rf1 $14) 37... Rd5 (37... Rg5 $1 $11) 38. Ke2 (38. Rg2 $14) 38... Kf6 (38... Re5 $11) 39. Rf1+ Ke7 40. g4 h4 (40... Re5 $11) 41. Re4 Rd8 42. Rh1 Rh8 43. d4 (43. Rc4 $16) 43... cxd4 44. exd4 {Hoping for d5.} Kd6 45. Kf2 f6 (45... Rc8 $11) 46. Rhe1 $1 $16 Ng5 (46... Nc7 $16) 47. Re8 $18 Rh7 48. Ra8 Rc7 $2 (48... h3 {was worth a try.} 49. Rxa5 h2) 49. Rd8+ Rd7 50. Ree8 $1 Ne6 (50... Ne4+ $142 51. Ke3 Ng3) 51. Rxd7+ $1 Kxd7 {[#] KR-KN} 52. Ra8 $1 Nxd4 53. Rxa5 Nxb3 $2 (53... Kc7 54. Rc5+ Kd6) 54. Rb5 Nc1 55. a5 Kc6 56. Rb8 $2 (56. a6) 56... Kc7 57. Rb5 $2 (57. Rb6) 57... Kc6 58. a6 Kxb5 {KN-KPP} 59. a7 b3 60. a8=Q b2 61. Ke3 (61. Qe4 $142 f5 62. Qc2) 61... Kc4 62. Qe4+ Kb3 63. Qxg6 Ka2 64. Qf7+ Ka3 65. Qa7+ Kb3 66. Qb6+ Kc2 67. Qc5+ Kb3 68. Qb5+ Kc3 69. Qc5+ Kb3 70. Qd5+ Kc3 71. Qd4+ Kb3 {[#]} 72. Qd1+ $2 (72. Qe4 $1 $18 {Kd2 is the strong threat.} Ka2 73. Qa4+ Kb1 74. Kd2) 72... Kc3 $11 73. Qd4+ Kb3 74. Qd5+ Kc3 75. Qd2+ Kb3 76. Qd5+ Kc3 77. Qc6+ {[%mdl 32768] Precision: White = 51%, Black = 43%. . An unexpected result.} 1/2-1/2

[Event "Oslo Chess Festival 2018"]
[Site "Oslo"]
[Date "2018.10.02"]
[Round "3"]
[White "Ronneland, Daniel"]
[Black "Mikalsen, Erlend"]
[Result "0-1"]
[WhiteElo "2208"]
[BlackElo "2332"]
[Annotator "NA"]
[PlyCount "108"]
[EventDate "2018.09.30"]
[EventCountry "NOR"]
[SourceTitle "playchess.com"]
[Source "ChessBase"]
[SourceQuality "1"]
[TimeControl "90/30+30:0"]

{[%evp 8,75,8,0,40,8,18,14,18,12,8,32767,32767,32767,32767,37,66,13,20,0,16,14,15,0,7,-6,97,66,76,73,58,-67,59,10,61,54,81,11,18,0,6,6,4,4,209,8,26,0,20,0,0,-120,-116,-125,-129,-138,-142,-138,-139,-156,-142,-129,-142,-133,-25,-119,-104,-191,-170,-183]} 1. e4 {[%emt 0:00:00]} c5 {[%emt 0:00:00]} 2. Nf3 {[%emt 0:00:00]} Nc6 {[%emt 0:00:00]} 3. d4 {[%emt 0:00:00]} cxd4 {[%emt 0:00:00]} 4. Nxd4 {[%emt 0:00:00]} g6 {[%emt 0:00:00]} 5. Be3 {[%emt 0:00:00]} Bg7 {[%emt 0:00:00]} 6. Nc3 {[%emt 0:00:00]} Nf6 {[%emt 0:00:00]} 7. Bc4 {[%emt 0:00:00]} O-O {[%emt 0:00:00]} 8. Bb3 {[%emt 0:00:00]} a5 {[%emt 0:00:00]} 9. O-O {[%emt 0:00:00]} a4 {[%emt 0:00:00]} 10. Nxa4 {[%emt 0:00:00]} Nxe4 {[%emt 0:00:00]} 11. Nb5 {[%emt 0:00:00]} d5 {[%emt 0:00:00] LiveBook: 56 Partien B35: Sicilian: Accelerated Dragon with 5 Nc3: main line} (11... Ra6 12. f3 Nf6 13. c4 d6 14. Nac3 Na5 15. Rc1 Be6 16. Ne2 d5 17. c5 Nxb3 18. axb3 Bd7 19. Nbc3 {1-0 (36) Almasi,Z (2689)-Istratescu,A (2602) Bastia 2015}) 12. Nb6 {[%emt 0:00:00]} Ra5 {[%emt 0:00:00]} 13. Bxd5 {[%emt 0:00:00]} Rxb5 {[%emt 0:00:00]} 14. Bxe4 {[%emt 0:00:00]} Rxb2 {[%emt 0:00:00]} 15. Qxd8 {[%emt 0:00:00]} Rxd8 {[%emt 0:00:00]} 16. Rad1 {[%emt 0:00:00]} Rxd1 $146 {[%emt 0:00:00]} (16... Rf8 $11) ({Predecessor:} 16... Re8 17. Nxc8 Rxc8 18. Rd7 Bf6 19. Bh6 Bg7 20. Be3 Bf6 21. Bh6 Bg7 {½-½ (21) Hammarstrom,U (2196)-Wedberg,T (2458) Vasteras 2017}) 17. Rxd1 {[%emt 0:00:00]} Be6 $1 {[%emt 0:00:00]} 18. Bxc6 $1 {[%emt 0:00:00]} bxc6 {[%emt 0:00:00]} 19. Rd8+ {[%emt 0:00:00]} Bf8 {[%emt 0:00:00]} 20. Kf1 {[%emt 0:00:00]} (20. h4 $5 {[%cal Re3h6]} Rb1+ 21. Kh2 $14) 20... h6 {[%emt 0:00:00]} ({And not} 20... Bxa2 21. Bh6 Bc4+ 22. Nxc4 Rb1+ 23. Ke2 Rb8 24. Rxb8 Kh8 25. Rxf8#) 21. a4 {[%emt 0:00:00]} f5 {[%emt 0:00:00]} 22. a5 {[%emt 0:00:00]} (22. Bxh6 $16 Rxb6 23. Rxf8+ Kh7 24. Bg5) 22... Kf7 {[%emt 0:00:00]} 23. a6 {[%emt 0:00:00]} Ra2 {[%emt 0:00:00]} 24. Ra8 {[%emt 0:00:00]} Bg7 {[%emt 0:00:00]} 25. a7 {[%emt 0:00:00]} Be5 $2 {[%emt 0:00:00]} (25... f4 $11 {and Black has nothing to worry.} 26. Bxf4 Bf5) 26. f4 $2 {[%emt 0:00:00]} (26. Bxh6 $18 {[%csl Gh6][%cal Ra8f8]} g5 27. Bxg5) 26... Bd6 {[%emt 0:00:00]} 27. c4 {[%emt 0:00:00]} c5 {[%emt 0:00:00]} 28. Nd5 {[%emt 0:00:00]} Bd7 {[%emt 0:00:00]} 29. Nc3 {[%emt 0:13:06]} (29. Nb6 $1 $11 {was the only way to keep the balance.} Bc6 30. Rc8 Bxg2+ 31. Kg1) 29... Ra1+ {[%emt 0:00:00]} 30. Kf2 {[%emt 0:00:26] [#]} Bc6 $1 {[%emt 0:00:00]} 31. Rc8 {[%emt 0:00:10]} Bb7 {[%emt 0:00:00]} 32. a8=Q {[%emt 0:01:04]} Bxa8 {[%emt 0:00:00]} 33. g3 {[%emt 0:01:34]} Bb7 {[%emt 0:00:00]} 34. Rh8 {[%emt 0:00:14]} Kg7 {[%emt 0:00:00]} 35. Rd8 {[%emt 0:00:11]} Rh1 {[%emt 0:00:00]} (35... Bc6 $17 36. Ke2 Kf7) 36. h4 {[%emt 0:00:30]} (36. Nb5 $1 $11) 36... Rh2+ {[%emt 0:00:00]} 37. Ke1 {[%emt 0:00:12]} (37. Kf1 $17) 37... Ba6 {[%emt 0:00:00]} 38. Na4 $19 {[%emt 0:00:07]} Bxc4 {[%emt 0:00:00]} 39. Bxc5 {[%emt 0:00:15]} Bxc5 {[%emt 0:00:00]} 40. Nxc5 {[%emt 0:00:18]} Re2+ {[%emt 0:00:00]} 41. Kd1 {[%emt 0:00:18]} Re3 {[%emt 0:00:00]} 42. Rd4 {[%emt 0:00:00]} Bb3+ {[%emt 0:00:00]} 43. Kd2 {[%emt 0:00:00]} Rxg3 {[%emt 0:00:00]} 44. Rd7 {[%emt 0:00:00]} Kf7 {[%emt 0:00:00]} 45. Nd3 {[%emt 0:00:00]} g5 {[%emt 0:00:00]} 46. Rb7 {[%emt 0:00:00]} Bd5 {[%emt 0:00:00]} 47. Rb5 {[%emt 0:00:00]} e6 {[%emt 0:00:00]} 48. h5 {[%emt 0:00:00]} Kf6 {[%emt 0:00:00]} 49. Rb8 {[%emt 0:00:00]} Be4 {[%emt 0:00:00]} 50. fxg5+ {[%emt 0:00:00]} hxg5 {[%emt 0:00:00]} 51. Nf2 {[%emt 0:00:00]} Rg2 {[%emt 0:00:00]} 52. Ke3 {[%emt 0:00:00]} Bd5 {[%emt 0:00:00]} 53. Rg8 {[%emt 0:00:17]} f4+ {[%emt 0:00:00]} 54. Ke2 {[%emt 0:00:25]} Rh2 {[%emt 0:00:00]} 0-1

[Event "Oslo Chess Festival 2018"]
[Site "Oslo"]
[Date "2018.10.02"]
[Round "3"]
[White "Solberg, Joachim"]
[Black "Korneev, Oleg"]
[Result "1-0"]
[WhiteElo "2188"]
[BlackElo "2560"]
[Annotator "TA"]
[PlyCount "165"]
[EventDate "2018.09.30"]
[EventCountry "NOR"]
[SourceTitle "playchess.com"]
[Source "ChessBase"]
[SourceQuality "1"]

{[%evp 17,165,13,53,29,50,49,52,28,33,8,21,0,6,3,45,0,126,109,460,452,688,197,180,144,167,131,132,124,126,124,145,142,162,150,179,148,453,373,452,457,472,476,456,470,492,480,482,254,254,247,247,241,235,203,227,201,308,313,294,283,293,256,406,413,413,378,396,396,369,373,347,346,364,364,364,364,331,355,364,364,364,364,356,340,319,310,274,271,685,656,677,677,643,643,523,347,450,431,429,454,491,483,1066,1038,1082,643,952,825,1159,1157,1058,1070,920,914,1714,1619,29947,29951,29960,29950,29956,11441,29965,29965,29957,29966,29966,29962,29959,9967,29966,29961,12782,0,29958,2363,29966,29967,29966,29966,29958,10439,29965,29966,604,604,29971,29975,29975,29976]} 1. e4 c5 2. Nf3 e6 3. d4 cxd4 4. Nxd4 Nc6 5. Nc3 a6 6. g3 Qc7 7. Bg2 Nf6 8. O-O h5 {B47: Sicilian: Taimanov: 5 Nc3 Qc7 6 f4, 6 g3 and 6 Be2} (8... d6 9. Nxc6 bxc6 10. Be3 Nd7 11. Na4 Be7 12. c4 Rb8 13. b3 c5 14. Nc3 O-O 15. g4 Ne5 16. g5 Nc6 17. f4 {0-1 (55) Kryvoruchko,Y (2689)-Harikrishna,P (2744) Riadh 2017}) 9. Nxc6 bxc6 {LiveBook: 4 Games} (9... dxc6 {keeps more tension.} 10. h3 e5 11. Qe2 h4 12. g4 Be6) 10. Na4 $146 ({Predecessor:} 10. Bf4 e5 11. Bg5 Be7 12. Na4 d6 13. c4 c5 14. a3 Be6 15. Qc2 Nd7 16. Be3 {½-½ (33) Sevian,S (2580)-Chandra,A (2491) Philadelphia 2016}) 10... Bb7 {White has an edge.} 11. Bf4 d6 12. c4 c5 $1 13. Qd3 Nd7 14. Rfd1 {[%cal Rf4d6]} Ne5 15. Qc3 a5 16. Qb3 Ba6 (16... Bc6 $11) 17. Bxe5 $1 $16 dxe5 $2 {[%mdl 8192]} (17... Rb8 $16 {is a better chance.} 18. Bxd6 Bxd6) 18. Nb6 $18 Bb7 (18... Rc8 $142 19. Qa4+ Qc6 20. Qxa5 Bb7 21. Nxc8 Qxc8) 19. Nxa8 $2 (19. Qb5+ Bc6 20. Nxa8) 19... Bxa8 20. Rd3 {Hoping for Rad1.} Be7 21. Rad1 Bc6 22. Qc3 O-O 23. Qd2 Ba4 24. b3 Bc6 25. f4 Bf6 26. Rd6 exf4 $2 {[%mdl 8192] [#]} (26... a4 $16 27. Qe3 Bd5) 27. Rxc6 $1 {[%mdl 512]} Qxc6 28. e5 $1 f3 29. exf6 gxf6 30. Bh1 e5 31. Qd5 Qxd5 32. cxd5 {[%mdl 4096] Endgame KRB-KR} (32. Rxd5 $142 e4 33. Kf2) 32... e4 33. d6 f5 34. Kf2 Kg7 35. Rd5 {Strongly threatening Ke3.} Kf6 36. Rxc5 {Black must now prevent Ke3.} Ke6 (36... Rd8 {keeps fighting.} 37. Rd5 (37. Rxa5 Rxd6 38. Bxf3 exf3 $16) 37... Ke6 38. Rxa5 Rxd6) 37. Rxa5 Rc8 38. Bxf3 $1 exf3 39. Kxf3 {KR-KR} Rc3+ (39... Rc2 $142 40. h4 Rd2) 40. Kf4 Rc2 41. h4 Rf2+ 42. Ke3 Rg2 43. Kf3 Rd2 44. Ra6 Rd3+ 45. Kf4 Rd4+ 46. Ke3 Rg4 47. Kf3 f4 48. gxf4 Rxh4 49. b4 Rh3+ 50. Kg2 Rh4 51. Kg3 $1 {[%cal Rg3h4]} Rg4+ 52. Kf3 f5 $2 {[#]} (52... Rg1 53. Ra7 Rb1) 53. d7+ $1 Kxd7 54. Rf6 h4 {intending ...Rg3+.} 55. Rxf5 Rg3+ 56. Kf2 Rd3 57. Kg2 Rd4 58. a3 {[%cal Ba2a3,Ba3a4,Ba4a5][%mdl 32]} Ke6 {[#]} 59. Re5+ $1 Kd6 {[#]} (59... Kf6 $142 60. Kf3 Rd3+ 61. Re3 Rd1) 60. Kf3 $1 h3 61. Kg4 h2 62. Rh5 Rd2 63. a4 Rg2+ 64. Kf3 Rb2 65. a5 Kc6 66. Kg3 Rxb4 67. Rxh2 Ra4 68. Rh5 Ra3+ 69. Kg4 Kd6 70. Re5 Ra1 71. Kf5 Ra4 72. Kg5 Rb4 73. Rf5 (73. a6 $142 Ra4 74. Rf5 Ra3 75. Rf8 Rg3+ 76. Kf6 Ra3 77. Re8 Kc5 78. Re6) 73... Ke7 74. Kg6 Ra4 75. Kg5 (75. Rf7+ $18 Ke8 76. Rf5) 75... Rb4 $1 76. a6 Ra4 77. Rf6 Ra1 78. Rh6 Kf8 79. f5 (79. Rb6 $142 Ke7 80. Rb7+ Kd6 81. a7 Kc6 82. Rg7 Kd5 83. f5 Rg1+ 84. Kf6) 79... Kg7 80. Rb6 Rg1+ 81. Kf4 {White wants to mate with Rg6+!} Ra1 82. Ke5 Re1+ 83. Kd6 {Precision: White = 70%, Black = 32%.} 1-0

[Event "Oslo Chess Festival 2018"]
[Site "Oslo"]
[Date "2018.10.02"]
[Round "3"]
[White "Vitenberg, Noam Aviv"]
[Black "Pakleza, Zbigniew"]
[Result "0-1"]
[WhiteElo "2175"]
[BlackElo "2502"]
[Annotator "TA"]
[PlyCount "108"]
[EventDate "2018.09.30"]
[EventCountry "NOR"]
[SourceTitle "playchess.com"]
[Source "ChessBase"]
[SourceQuality "1"]

{[%evp 13,108,29,37,31,39,36,25,25,56,51,62,47,64,25,68,-8,0,-9,23,24,51,45,52,35,41,39,30,35,60,56,103,64,120,119,119,115,130,121,237,252,227,102,101,122,110,107,159,129,128,140,130,120,131,0,0,0,0,-276,-272,-578,-546,-533,-452,-472,-461,-453,-440,-441,-359,-362,-356,-414,-309,-468,-462,-1102,-1079,-1007,-960,-1425,-1400,-1288,-926,-1375,-1324,-1232,-1192,-1609,-1379,-1480,-1626,-12832,-12832,-6649,-6649,-12850,-29996]} 1. d4 e6 2. c4 b6 3. e4 Bb7 4. Bd3 Bb4+ 5. Bd2 Bxd2+ 6. Nxd2 {A40: Unusual replies to 1 d4} Ne7 7. Ne2 d6 {LiveBook: 5 Games} 8. Rc1 $146 {White is slightly better.} ({Predecessor:} 8. O-O O-O 9. Qc2 Nd7 10. f4 f5 11. exf5 Nxf5 12. Bxf5 exf5 13. d5 {0-1 (39) Ollier,P (2369)-Maiorov,N (2573) Avoine 2015}) 8... Nd7 9. Nc3 e5 10. d5 h5 11. h4 Bc8 12. b4 a6 13. Na4 c5 14. dxc6 (14. Rb1 $14) 14... Nxc6 $11 15. a3 Nd4 16. Nf3 Ne6 17. Nc3 Nf6 18. Be2 Bb7 19. Qc2 Rc8 20. O-O b5 21. Rfd1 Qb6 22. Nd5 Bxd5 (22... Qd8 $14) 23. exd5 $16 Nf4 24. c5 Qa7 25. Ng5 dxc5 (25... Nxe2+ $16 26. Qxe2 O-O) 26. bxc5 $18 {Bf3 is the strong threat.} N4xd5 27. Qf5 (27. Bf3 $18 {and White stays clearly on top.} Nf4 28. Rd6) 27... Ne7 $16 28. Qxe5 O-O 29. Rd6 Ng6 (29... Qc7 $142) 30. Qd4 Rfe8 31. Bd3 Ne5 32. Bf5 Rc7 33. Re1 (33. Rxf6 $16 gxf6 34. Ne4) 33... Qxc5 $11 34. Qxc5 Rxc5 $40 {[%mdl 128] Black is up to no good.} 35. f4 $2 {[%mdl 8192] [#]} (35. Rxa6 $11 Kf8 36. g3) 35... Neg4 $19 36. Bxg4 $2 (36. Bh7+ {nothing else works.} Kf8 37. Red1) 36... Rxe1+ 37. Kf2 Re8 ({Less strong is} 37... Nxg4+ 38. Kxe1 Rc8 39. Rxa6 $15) 38. Bf3 a5 39. Rb6 Rc2+ 40. Kg3 Rc3 41. Rxb5 Rxa3 42. Rb7 Ne4+ 43. Kh2 (43. Nxe4 $142 Rxe4 44. Rb8+ Kh7 45. Rb5) 43... Nxg5 {Black is clearly winning.} 44. hxg5 {[#]} (44. fxg5 $142 Rd8 45. Bxh5) 44... Rxf3 $1 45. gxf3 {[%mdl 4096] Endgame KR-KR} Ra8 46. Rb3 a4 47. Ra3 Kf8 48. Kg3 Ke7 49. f5 Kd6 50. f4 Kd5 51. f6 gxf6 52. gxf6 Ke4 53. Kh4 Kxf4 54. Rxa4+ Rxa4 {Precision: White = 34%, Black = 45%.} 0-1

[Event "Oslo Chess Festival 2018"]
[Site "Oslo"]
[Date "2018.10.02"]
[Round "3"]
[White "Skotheim, Andreas"]
[Black "Sriram, Jha"]
[Result "0-1"]
[WhiteElo "2160"]
[BlackElo "2394"]
[Annotator "TA"]
[PlyCount "46"]
[EventDate "2018.09.30"]
[EventCountry "NOR"]
[SourceTitle "playchess.com"]
[Source "ChessBase"]
[SourceQuality "1"]

{[%evp 23,46,-61,-64,-90,-111,-269,-301,-257,-297,-483,-486,-753,-749,-725,-714,-770,-722,-795,-802,-750,-711,-29996,-29997,-29997,-29998]} 1. d4 Nf6 2. c4 e6 3. Nc3 c5 4. d5 exd5 5. cxd5 d6 6. Nf3 {[%cal Bg1f3,Bf3d2,Bd2c4,Bc4d6][%mdl 32]} g6 7. h3 Bg7 8. Bf4 {A61: Modern Benoni: Nf3 without early e4} O-O 9. e3 Na6 {[%cal Bb8a6,Ba6c7,Bc7d5][%mdl 32]} (9... Qe7 10. Nd2 Nh5 11. Bh2 f5 12. Be2 f4 13. O-O fxe3 14. Nde4 exf2+ 15. Kh1 Bxc3 16. Nxc3 {0-1 (49) Xiong,J (2665)-Caruana,F (2804) Saint Louis 2018}) 10. Nd2 Nc7 11. Nc4 b5 {[%cal Bb7b5,Bb5b4][%mdl 32]} 12. Nxd6 b4 {LiveBook: 4 Games} 13. Nce4 $146 (13. Nxc8 $2 bxc3 14. d6 Qxc8 $19) ({Predecessor:} 13. Na4 Nfxd5 14. Bh2 Qe7 15. Nxc8 Rfxc8 16. Bxc7 Nxc7 {1-0 (72) Laznicka,V (2679)-Goletiani,R (2325) Arlington 2014}) 13... Ncxd5 14. Nxf6+ $2 {[#]} ({Not} 14. Nxc5 $2 Nxf4 15. exf4 Qe7+ 16. Be2 Rd8 $19) (14. Bg5 $17 {was worth a try.}) 14... Qxf6 $19 15. Nc4 ({Reject} 15. Qxd5 Qxb2 16. Rd1 Bc3+ 17. Rd2 Be6 $19) 15... Nxf4 16. exf4 $2 (16. Qf3 Rb8 17. Qxf4 Qxf4 18. exf4) 16... Bb7 17. Qg4 (17. Be2 $142 Bxg2 18. Rg1 Bxh3 19. Qd3) 17... Rfe8+ 18. Be2 h5 19. Qg3 Qd4 20. Ne3 Qxb2 21. Rd1 Rad8 {[#] ( -> ...Rxd1+)} 22. f5 Rxd1+ 23. Bxd1 Ba6 0-1

[Event "Oslo Chess Festival 2018"]
[Site "Oslo"]
[Date "2018.10.02"]
[Round "3"]
[White "Skaslien, Ingrid"]
[Black "Cherniaev, Alexander"]
[Result "0-1"]
[WhiteElo "1885"]
[BlackElo "2384"]
[Annotator "NA"]
[PlyCount "64"]
[EventDate "2018.09.30"]
[EventCountry "NOR"]
[SourceTitle "playchess.com"]
[Source "ChessBase"]
[SourceQuality "1"]
[TimeControl "90/30+30:0"]

{[%evp 8,46,22,17,27,5,14,-4,-6,3,2,-31,14,7,41,45,44,50,90,75,53,52,75,-39,7,22,16,-219,-166,-161,-188,-254,-195,-190,-179,-208,-158,-302,-288,-333,-294]} 1. d4 {[%emt 0:00:00]} e6 {[%emt 0:00:00]} 2. c4 {[%emt 0:00:00]} b6 {[%emt 0:00:00]} 3. Nc3 {[%emt 0:00:00]} Bb7 {[%emt 0:00:00]} 4. e3 {[%emt 0:00:00]} f5 {[%emt 0:00:00]} 5. Nf3 {[%emt 0:00:00] LiveBook: 21 Games} Nf6 {[%emt 0:00:00]} 6. Bd3 {[%emt 0:00:00]} g6 {[%emt 0:00:00]} 7. b3 {[%emt 0:00:00]} Bg7 {[%emt 0:00:00]} 8. O-O {[%emt 0:00:00]} O-O {[%emt 0:00:00]} 9. Re1 $146 {[%emt 0:00:00] A85: Dutch Defence: 2 c4 Nf6 3 Nc3} ({Predecessor:} 9. Qe2 c5 10. Ba3 d6 11. Rfd1 Qc8 12. Rac1 Re8 13. Bb1 e5 14. Nb5 Bf8 15. dxe5 dxe5 16. Nd6 Bxd6 17. Rxd6 {1-0 (24) Cwiek,L (2155)-Arcusa,M Condom 2003}) 9... Nc6 {[%emt 0:00:00]} 10. Ba3 {[%emt 0:00:00]} Ne7 {[%emt 0:00:00]} 11. e4 {[%emt 0:00:00]} fxe4 {[%emt 0:00:00]} 12. Nxe4 {[%emt 0:00:00]} Nh5 {[%emt 0:00:00]} 13. Neg5 {[%emt 0:00:00]} c5 {[%emt 0:00:00]} 14. Be4 {[%emt 0:00:00]} Bxe4 {[%emt 0:00:00]} 15. Rxe4 {[%emt 0:00:00]} (15. Nxe4 $14 Nf6 16. Nxf6+ Bxf6 17. Rb1) 15... h6 {[%emt 0:00:00]} 16. Nh3 $1 {[%emt 0:00:00]} Nc6 {[%emt 0:00:00]} 17. Qd2 $2 {[%emt 0:00:00] [#]} (17. Ne5 $11 {and White is okay.}) 17... Rxf3 $1 {[%emt 0:00:00]} 18. gxf3 {[%emt 0:00:00]} Nxd4 {[%emt 0:00:00]} 19. Rxd4 {[%emt 0:00:00]} (19. Kg2 $142) 19... cxd4 {[%emt 0:00:00]} 20. Re1 {[%emt 0:00:00]} Qf6 {[%emt 0:00:00]} 21. Kg2 {[%emt 0:00:00]} e5 {[%emt 0:00:00]} 22. Re4 {[%emt 0:00:00]} (22. f4 {was worth a try.} Nxf4+ 23. Nxf4 exf4 24. Qd3) 22... g5 {[%emt 0:00:00]} 23. Re1 {[%emt 0:00:00]} Qf5 $19 {[%emt 0:00:00]} 24. Qe2 {[%emt 0:00:00]} Rc8 {[%emt 0:02:53]} 25. Bd6 {[%emt 0:06:47]} Kf7 {[%emt 0:03:49]} 26. Qd2 {[%emt 0:03:18]} Kg6 {[%emt 0:01:30]} 27. Re4 {[%emt 0:01:46]} Re8 {[%emt 0:01:49]} 28. Qe2 {[%emt 0:01:41]} Re6 {[%emt 0:00:03]} 29. Bb4 {[%emt 0:00:30]} Nf6 {[%emt 0:00:39]} 30. Bd2 {[%emt 0:00:46]} Nxe4 {[%emt 0:01:10]} 31. fxe4 {[%emt 0:00:04]} Qf6 {[%emt 0:00:15]} 32. Qg4 {[%emt 0:00:58]} Kf7 {[%emt 0:01:42]} 0-1

[Event "Oslo Chess Festival 2018"]
[Site "Oslo"]
[Date "2018.10.02"]
[Round "4"]
[White "Pakleza, Zbigniew"]
[Black "Ranaldi, Lucas"]
[Result "1/2-1/2"]
[WhiteElo "2502"]
[BlackElo "2281"]
[Annotator "TA"]
[PlyCount "43"]
[EventDate "2018.09.30"]
[EventCountry "NOR"]
[SourceTitle "playchess.com"]
[Source "ChessBase"]
[SourceQuality "1"]

{[%evp 26,27,0,-1]} 1. Nf3 Nf6 2. c4 b6 3. g3 c5 4. Bg2 Bb7 5. Nc3 g6 6. d4 cxd4 7. Qxd4 Bg7 8. Be3 d6 9. Rc1 Nbd7 10. O-O Rc8 11. b3 O-O 12. Qh4 {A30: Englische Eröffnung (Symmetrische Variante)} a6 13. Bh6 Rc5 14. Bxg7 {[#] LiveBook: 5 Partien} {Vorgänger:} Kxg7 $146 15. Qd4 Qa8 16. Na4 Rc6 17. Nh4 Rc7 18. Nc3 Kg8 19. Qe3 Re8 20. h3 Bxg2 21. Nxg2 Rc5 22. a4 {½-½ (22) Romanov,E (2588)-Wojtaszek,R (2640) Germany 2010} 1/2-1/2

[Event "Oslo Chess Festival 2018"]
[Site "Oslo"]
[Date "2018.10.02"]
[Round "4"]
[White "Holm, Kristian Stuvik"]
[Black "Van Zyl-Rudd, Jack"]
[Result "1/2-1/2"]
[WhiteElo "2474"]
[BlackElo "2265"]
[Annotator "TA"]
[PlyCount "82"]
[EventDate "2018.09.30"]
[EventCountry "NOR"]
[SourceTitle "playchess.com"]
[Source "ChessBase"]
[SourceQuality "1"]

{[%evp 19,82,25,12,0,50,47,54,55,32,31,34,46,91,71,92,78,112,106,126,-347,-328,-328,-322,-382,-383,-379,-374,-376,-387,-389,-384,-376,-382,-368,-340,-283,-221,-253,-246,-232,-165,-244,-188,-216,-211,-229,-238,-248,-244,-360,-217,-292,-300,-350,-162,-389,-73,-75,-75,-97,-72,-84,-84,-84,-84]} 1. d4 d5 2. c4 e6 3. Nf3 Nf6 4. g3 Be7 5. Bg2 O-O 6. O-O dxc4 7. Qc2 b6 {E05: Open Catalan: 5 Nf3 Be7} (7... a6 8. a4 Bd7 9. Qxc4 Bc6 10. Bf4 Bd6 11. Nc3 Bxf4 12. gxf4 a5 13. e3 Nbd7 14. Kh1 Ra6 15. Rg1 Rb6 16. Qe2 Ne4 17. Qc2 f5 18. Nxe4 Bxe4 {½-½ (56) Aronian,L (2767)-So,W (2780) Saint Louis 2018}) 8. Bg5 Nd5 9. Bxe7 Qxe7 10. Nbd2 {[%cal Bb1d2,Bd2c4,Bc4e5,Be5c6][%mdl 32]} b5 {LiveBook: 4 Games} 11. b3 Ba6 $146 ({Predecessor:} 11... cxb3 12. Nxb3 a5 13. Rfc1 a4 14. Nc5 c6 15. Ne5 {1-0 (53) Gledura,B (2626)-Zanan,E (2512) Barcelona 2018}) 12. bxc4 bxc4 13. Nxc4 c5 14. Nce5 cxd4 15. Nxd4 Nd7 16. Nec6 $1 {[%cal Rc6e7]} Qf6 17. Rfc1 Rac8 18. Qa4 Bb7 19. Qa3 $2 {[%mdl 8192]} ({Don't play} 19. Qxa7 Bxc6 20. Nxc6 Rxc6 $14) (19. Nxa7 $16 {keeps the pressure on.} N5b6 20. Qd1 Rxc1 21. Rxc1 Bxg2 22. Kxg2) 19... Bxc6 $1 $19 20. Nxc6 {[#]} Rxc6 $1 {[%mdl 512]} 21. Qxa7 (21. Rxc6 Qxa1+) 21... Rxc1+ 22. Rxc1 Qb2 23. Re1 Qd2 24. Kf1 N7f6 25. Bf3 h6 26. a4 Rc8 27. a5 Qc3 28. a6 Qc7 29. Qd4 Qc5 30. Qa4 (30. Qxc5 {was called for.} Rxc5 31. Ra1) 30... Qc6 31. Qa5 Qc7 32. Qa3 Ra8 33. Rb1 Ra7 34. e4 (34. Ra1 $142) 34... Ne7 35. e5 {[#]} Nfd5 $1 ({Weaker is} 35... Qxe5 36. Rb7 $17) 36. Qd6 Kh7 (36... Qc4+ $142 37. Be2 Qe4 38. Qb8+ Kh7) 37. Be2 $2 (37. Qxc7 Rxc7 38. Be4+ g6 39. Rb7 Rxb7 40. axb7) 37... Qxd6 $2 (37... Qc2 $19 38. Re1 Qe4) 38. exd6 $17 {And now Rb7 would win.Black is better.} Nc6 39. Rc1 Ncb4 40. Bb5 {[#]} Nb6 $1 41. Ra1 N4d5 {Precision: White = 25%, Black = 47%.} 1/2-1/2